[Event "Bayern-ch (Women) 81st"]
[Site "Bad Koenigshofen"]
[Date "2010.08.29"]
[Round "9"]
[White "Weiss, Monika"]
[Black "Groschwitz, Isabella"]
[Result "1/2-1/2"]
[WhiteElo "1500"]
[BlackElo "1486"]
[PlyCount "128"]
[EventDate "2010.08.22"]
[EventType "swiss"]
[EventRounds "9"]
[EventCountry "GER"]
[SourceTitle "EXT 2015"]
[Source "ChessBase"]
[SourceDate "2014.11.20"]
[SourceVersion "1"]
[SourceVersionDate "2014.11.20"]
[SourceQuality "1"]

1. e4 e5 2. Nc3 Nc6 3. Bc4 Bc5 4. a3 d6 5. Na4 Bb6 6. Nxb6 axb6 7. h3 Nf6 8. d3 0-0 9. b4 Be6 10. Bxe6 fxe6 11. Nf3 Nxb4 12. Bg5 Nc6 13. 0-0 Qe8 14. Nd2 Qg6 15. Bxf6 Rxf6 16. c3 Raf8 17. Qe2 Qg5 18. f3 Ne7 19. Rf2 Ng6 20. Kh1 Qh4 21. Rg1 Nf4 22. Qe3 Rh6 23. Nf1 Nxd3 24. Rd2 Nc5 25. Qe2 Nd7 26. Qc4 Nc5 27. Qe2 Qe7 28. c4 Qd7 29. Ne3 Nb3 30. Ra2 Nd4 31. Qd3 b5 32. cxb5 Nxb5 33. Rb1 c6 34. a4 Ra8 35. Qb3 Nd4 36. Qxb7 Qxb7 37. Rxb7 Rf6 38. Nc4 d5 39. Nxe5 Rff8 40. Rb6 Rfc8 41. a5 c5 42. exd5 exd5 43. Rd6 Nb3 44. a6 d4 45. Rb6 c4 46. Nxc4 Rxc4 47. Rxb3 Rc3 48. Rxc3 dxc3 49. a7 c2 50. Rxc2 Rxa7 51. g4 h6 52. h4 g6 53. Kg2 Kg7 54. Kg3 Rf7 55. f4 Kh7 56. Rf2 Kg7 57. f5 Rf6 58. fxg6 Rxg6 59. h5 Rf6 60. Rxf6 Kxf6 61. Kf4 Kg7 62. Kf5 Kf7 63. g5 hxg5 64. h6 g4 1/2-1/2

[Event "Bayern-ch (Women) 81st"]
[Site "Bad Koenigshofen"]
[Date "2010.08.26"]
[Round "6"]
[White "Groschwitz, Isabella"]
[Black "Nieberle, Cornelia"]
[Result "0-1"]
[WhiteElo "1486"]
[BlackElo "1692"]
[PlyCount "88"]
[EventDate "2010.08.22"]
[EventType "swiss"]
[EventRounds "9"]
[EventCountry "GER"]
[SourceTitle "EXT 2015"]
[Source "ChessBase"]
[SourceDate "2014.11.20"]
[SourceVersion "1"]
[SourceVersionDate "2014.11.20"]
[SourceQuality "1"]

1. d4 d5 2. Nf3 e6 3. Bf4 Bd6 4. Bg3 Nf6 5. Nc3 b6 6. e3 Bb7 7. Bd3 0-0 8. Nb5 Nc6 9. Bh4 h6 10. Nc3 Nb8 11. e4 dxe4 12. Nxe4 Be7 13. Nxf6+ Bxf6 14. Bxf6 Qxf6 15. Be2 Rd8 16. c3 Qg6 17. Rg1 c5 18. Qc1 Nd7 19. Qf4 Qc2 20. Qc1 Qf5 21. Qe3 Rac8 22. g4 Qc2 23. Qd2 Qxd2+ 24. Nxd2 cxd4 25. cxd4 Nf6 26. Nb3 a5 27. a4 Rc2 28. Rb1 Be4 29. f3 Bb7 30. h4 Nd5 31. g5 hxg5 32. Bd3 Rh2 33. hxg5 Nf4 34. Be4 Bxe4 35. fxe4 Nd3+ 36. Kd1 Nxb2+ 37. Ke1 Nxa4 38. Rc1 Rb2 39. Nd2 Kf8 40. Nf3 Ke8 41. g6 f6 42. e5 fxe5 43. dxe5 Nc5 44. Kf1 Nd3 0-1

[Event "GER-chT U20 Girls "]
[Site "Chemnitz"]
[Date "2009.12.28"]
[Round "4.1"]
[White "Groschwitz, Isabella"]
[Black "Wilke, Tabea"]
[Result "1-0"]
[WhiteElo "1503"]
[BlackElo "911"]
[PlyCount "70"]
[EventDate "2009.12.27"]
[EventType "team-swiss"]
[EventRounds "7"]
[EventCountry "GER"]
[SourceTitle "EXT 2022"]
[Source "ChessBase"]
[SourceDate "2021.10.06"]
[SourceVersion "1"]
[SourceVersionDate "2021.10.06"]
[SourceQuality "1"]
[WhiteTeam "Fichtelgebirge U20 Girls"]
[BlackTeam "Hattersheim U20 Girls"]
[WhiteTeamCountry "GER"]
[BlackTeamCountry "GER"]

1. d4 d5 2. Nf3 Nf6 3. Bf4 Bf5 4. e3 Nc6 5. Nbd2 e6 6. c3 Be7 7. Bb5 0-0 8. Bxc6 bxc6 9. Ne5 Qe8 10. Qa4 Kh8 11. Qxc6 Qxc6 12. Nxc6 Bd6 13. Bxd6 cxd6 14. Nf3 Bd3 15. Nb4 Be4 16. 0-0-0 a5 17. Nc2 Rfb8 18. Rhg1 Ra7 19. Nd2 Bxc2 20. Kxc2 Rab7 21. Rb1 e5 22. Nf3 e4 23. Ng5 h6 24. Nh3 Rc7 25. f3 Rbc8 26. Nf2 g5 27. Ng4 Nxg4 28. fxg4 a4 29. a3 Rg8 30. Rgf1 h5 31. gxh5 g4 32. Rf5 g3 33. h3 Rf8 34. Rxd5 f5 35. Rf1 Rcf7 1-0

[Event "Erbendorf op"]
[Site "Erbendorf"]
[Date "2009.06.12"]
[Round "4"]
[White "Von Brocke, Matthias"]
[Black "Groschwitz, Isabella"]
[Result "1-0"]
[WhiteElo "1507"]
[BlackElo "1220"]
[PlyCount "94"]
[EventDate "2009.06.11"]
[EventType "swiss"]
[EventRounds "7"]
[EventCountry "GER"]
[SourceTitle "CBM 130 Extra"]
[Source "ChessBase"]
[SourceDate "2009.07.02"]
[SourceVersion "2"]
[SourceVersionDate "2009.07.15"]
[SourceQuality "1"]

1. d4 d5 2. Nf3 Nc6 3. e3 Nf6 4. Ne5 Bd7 5. Bd3 e6 6. a3 g6 7. c4 Bg7 8. Qc2 0-0 9. Nc3 Nxe5 10. dxe5 Ng4 11. cxd5 Nxe5 12. Be2 exd5 13. Nxd5 Bc6 14. Nf4 Bh6 15. 0-0 Bxf4 16. exf4 Qd5 17. f3 Nd7 18. Be3 Rfe8 19. Rad1 Qe6 20. Rd3 Qf5 21. Qd2 Bb5 22. Rd5 Qe6 23. Bxb5 Qxe3+ 24. Qxe3 Rxe3 25. Rxd7 c6 26. Bc4 Rf8 27. Rxb7 a5 28. Rc7 Ree8 29. Rd1 Rb8 30. b3 Rbc8 31. Rdd7 Rxc7 32. Rxc7 h5 33. Rxc6 Re8 34. Rxg6+ Kh7 35. Rd6 Rf8 36. Rd5 Kg6 37. Rxa5 f6 38. g4 h4 39. b4 Rc8 40. Rc5 Ra8 41. Bd3+ Kg7 42. Rc7+ Kf8 43. Rc3 Kg7 44. Bc2 Ra7 45. g5 Ra6 46. b5 Rb6 47. Rc7+ Kf8 1-0